000 00319nam a22001337a 4500
008 170802b xxu||||| |||| 00| 0 eng d
020 _a9780071791861
041 _aeng
080 _a004
100 _a32
101 _aSHKI
245 _aEFFECTIVE MYSQL REPLICATION TECHNIQUES IN DEPTH
_cBRADFORD, R
942 _2udc
_cBK
999 _c22577
_d22577